| 000 | 00504nam a22001457a 4500 | ||
|---|---|---|---|
| 020 | _a0-07-053231-1 | ||
| 082 |
_a540 _bDUB/M |
||
| 100 | _aMANOJ DUBEY, R.S.TOMAR | ||
| 245 |
_aMATHEMATICS QUESTION BANK SERIES _bFOR CLASS X |
||
| 260 |
_aDELHI _bTATA McGRAW HILL PUBLICATIONS _c2003 |
||
| 300 | _a466 | ||
| 520 | _aBASED ON NCERT TEXTBOOK, OVERVIEW OF BASIC CONCEPTS AND FORMULAAE, PROBLEMS WITH DETAILED SOLUTIONS, MODEL TEST PAPERS | ||
| 650 |
_aMATHS QUESTION BANK SERIES FOR CLASS X _zINDIA |
||
| 942 | _cBK | ||
| 999 |
_c741 _d741 |
||